书目信息 |
| 书名: | The art of HELPING | |
| 作者: | Robert R.Carkhuff. | |
| 分册号: | ||
| 分册名: | 出版地: |
|
| 出版社: | Human Resource Development Press,Inc | |
| 出版时间: | c1993. | |
| 页数: | 290 p. ; | |
| 开本: | 20cm. | |
| 丛书名: | ||
| 中图分类号: | ||
| 科图分类号: | ||
| 其他分类号: | C932.2 | |
| 主题词: | ||
| 电子资源: | ||
| 000 | 00393nam 2200145 a 4500 | |
| 001 | E0761056618 | |
| 005 | 20070514170308.23 | |
| 008 | 070514s1993 00010 eng | |
| 040 | @aPFT@beng | |
| 090 | @aC932.2 | |
| 099 | @dC932.2@ex22=7 | |
| 245 | 1 | @aThe art of HELPING / @cRobert R.Carkhuff.@nvii. |
| 250 | @a7th ed. | |
| 260 | @bHuman Resource Development Press,Inc,@cc1993. | |
| 300 | @a290 p. ;@c20cm. | |
| The art of HELPING / / Robert R.Carkhuff.. vii.-7th ed.-Human Resource Development Press,Inc, , c1993. |
| 290 p. ; ; 20cm. |
| ISBN |
| ● |
| 相关链接 |
|
|
|
|
正题名:The art of HELPING
索取号:C932.2/x22=7
 
预约/预借
| 序号 | 登录号 | 条形码 | 馆藏地/架位号 | 状态 | 备注 |
| 1 | 9250 | 300092502 | 第二样本阅览室/ [索取号:C932.2/x22=7] | 在馆 |